Quizzes
Events
Quiz Creation
Community
Videos
Private Events
Remove Ads
Sign In
Join for FREE
Feedback
Dark Mode
Quiz Categories
Sports
Geography
Music
Movies
Television
Just For Fun
Miscellaneous
History
Literature
Language
Science
Gaming
Entertainment
Religion
Holiday
For Kids
Quiz Lab
Recent
Popular Today
Quiz Kudos Today
Editor Picks
Curator Picks
Quizzes by...
Day
Popularity
Type
Ratings
Length
Year
Community
Subscriptions
Recent Discussions
Orange Saloon
Badges
Playlists
Quests
Create
Leaderboards
Showdown
Live 5
Trivia Bingo
Activity
Puzzle Library
Sporcle Events
Private Events
Virtual Trivia
Globe League
Become a Host
Pub Owners
SporcleCon
Opinionation
Our Games
Videos
Blog
Mobile Apps
Partnerships
Remove Ads and Go Orange
Feedback
Music
Pop Music
The Beatles
Song
Album
Lyrics
Bands
Singers
Artist
Clip
Rock
Rap
Classical
Billboard
Country Music
Kpop
Taylor Swift
Music
Pop Music
The Beatles
Song
Album
Lyrics
Bands
Singers
Artist
Clip
Rock
Rap
Classical
Billboard
Country Music
Kpop
Taylor Swift
Random Quiz
Search Sporcle
×
Quiz Lab
Quiz Lab
Music
Lyrics
Type in answers that appear in a list
Type in answers that appear in a list
Classic
Best Score? Go Orange.
Lyrics: Who Knows Where the Time Goes? Stats
Figure out the lyrics to Sandy Denny's 'Who Knows Where the Time Goes?'
By
Buck
9m
153 Questions
45 Plays
45 Plays
45 Plays
Comments
Comments
Give Quiz Kudos
Give Quiz Kudos
-
- Ratings
hide this ad
Replay
Link that replays current quiz
Next Quiz
Link to next quiz in quiz playlist
You Got
0%
They Got
Avg Score
81%
Avg Friend Score
Upgrade to see
Score Distribution
Jump to the score distribution portion of the page
Score
0/153
Timer
09:00
0
Plays Today
% Correct
the
95.6%
the
95.6%
the
95.6%
I
95.6%
I
95.6%
the
95.6%
the
95.6%
I
95.6%
I
95.6%
I
95.6%
the
95.6%
the
95.6%
the
95.6%
I
95.6%
I
95.6%
the
95.6%
the
95.6%
I
95.6%
the
95.6%
know
93.3%
time
93.3%
go?
93.3%
time
93.3%
who
93.3%
knows
93.3%
where
93.3%
time
93.3%
goes?
93.3%
Who
93.3%
knows
93.3%
where
93.3%
time
93.3%
goes?
93.3%
know
93.3%
time
93.3%
go
93.3%
time
93.3%
who
93.3%
knows
93.3%
where
93.3%
time
93.3%
goes?
93.3%
Who
93.3%
knows
93.3%
where
93.3%
time
93.3%
goes?
93.3%
know
93.3%
time
93.3%
go
93.3%
time
93.3%
% Correct
who
93.3%
knows
93.3%
who
93.3%
knows
93.3%
where
93.3%
time
93.3%
goes?
93.3%
for
88.9%
For
88.9%
for
88.9%
For
88.9%
For
88.9%
are
86.7%
it's
86.7%
to
86.7%
are
86.7%
it's
86.7%
to
86.7%
do
86.7%
not
86.7%
not
86.7%
it's
86.7%
to
86.7%
But
84.4%
how
84.4%
can
84.4%
they
84.4%
them
84.4%
no
84.4%
but
84.4%
them
84.4%
But
84.4%
no
84.4%
it
84.4%
no
84.4%
how
84.4%
all
82.2%
be
82.2%
be
82.2%
And
82.2%
be
82.2%
and
82.2%
And
82.2%
birds
80%
leaving
80%
have
80%
leaving
80%
you
80%
have
80%
leaving
80%
birds
80%
% Correct
in
80%
have
80%
of
77.8%
of
77.8%
love
77.8%
of
77.8%
of
77.8%
love
77.8%
will
75.6%
will
75.6%
will
75.6%
so
75.6%
So
75.6%
still
73.3%
still
73.3%
here
73.3%
my
73.3%
my
73.3%
winter
71.1%
winter
71.1%
your
68.9%
me
68.9%
again
68.9%
fear
68.9%
am
66.7%
is
66.7%
spring
66.7%
thought
64.4%
friends
64.4%
then
64.4%
thought
64.4%
count
64.4%
then
64.4%
Sad
62.2%
come
60%
evening
57.8%
deserted
57.8%
shore
57.8%
fickle
57.8%
alone
57.8%
Across
55.6%
sky
53.3%
Before
53.3%
fire
53.3%
Ah
53.3%
near
53.3%
grows?
53.3%
dreaming
51.1%
storms
51.1%
until
46.7%
while
44.4%
Quiz Playlist
Details
Report
Send in Message
Add To Playlist
Classic:
Type in answers that appear in a list
Quiz Source
Last Updated: Feb 16, 2017
Quiz Scoreboard
CHALLENGE
Sign Up to Join the Scoreboard
Show All
Scores
Hide
Comments
May contain spoilers
Recently Published
Movies - When Are They Set?
by FPL_Elf
Movies
5m
Popular People in 1961
by mucciniale
History
6m
1-10 Letter E Words III
by El_Dandy
Language
2m
More to Explore
Quiz From the Vault
Featured Blog Post
Where Did the Easter Bunny Come From?
hide this ad
You Might Also Like...
Tags
Lyrics Quiz
Song Quiz
Figure Out the Lyrics
folk
Today's Top Quizzes in Music
Browse Music
hide this ad
Today's Top Quizzes in Lyrics
Browse Lyrics
Top Contributed Quizzes in Music
1
Taylor Swift All Songs (2024)
2
2010s Album by Cover III
3
Guess the Artist- 70s Songs
4
One Thing in Common: Music
5
Taylor Swift Logic Puzzle
6
Guess the Taylor Swift song (Mystery Song)
7
2010s Album by Cover IV
8
2010s Album by Cover V
9
KPOP LOGIC QUIZ
10
Kpop Logic Quiz
Explore More
Trending Topics
Crossword
Harry Potter
Anime
Disney
NBA
Kpop
Marvel
Soccer
Pokémon
The Office
NFL
Puzzle
Country
Song
WWE
hide this ad
More By:
Buck
Quiz
Plays
Rating
Category
Featured
Created
Unrealistic Movie Age Gaps
46,463
4.62
Movies
Feb 22, 2016
NCAA Basketball: Men and Women in the Final Four
40,052
4.54
Sports
Mar 29, 2016
TV Shows With Older Actors
27,142
4.41
Television
Jun 6, 2016
Figure Out the Years by Images
26,489
4.58
History
May 18, 2016
Word Ladder: Ticket to Ride
12,579
4.17
Just For Fun
Sep 12, 2016
Go to Creator's Profile
Score Distribution
Quiz Creator Spotlight
Buck
Follow
Send a Message
Quizzes Created
-
Created Quiz Play Count
-
More By This Creator
Popular Quizzes Today
1
Find the Countries of Europe - No Outlines Minefield
2
Find the US States - No Outlines Minefield
3
The Countries of the World
4
Popular People in 1961
5
US States
6
1-10 Letter E Words III
7
Find the US States
8
One Thing in Common: World Cities II
More Music Quizzes
The '10-to-1 Music: Classic Rock Singles' Quiz!
Curator's Pick
Trending Quizzes
Risky Map Clicking: Least Populous States A-Z
1-10 Letter F Words
1-10 Letter G Words
One Thing in Common: United Kingdom
Risky Map Clicking: Next State Alphabetically
Recently Updated
Leaping Animals
pecheneg
Reality TV Shows (A-Z)
bhenderson79
Rickey Henderson's Hall of Fame Teammates
pecheneg
Champions League XIs: Arsenal
pecheneg
Quick Pick: Celebrities in WWE's Hall of Fame
aduchscher
A-Z Keypad Blitz II
pecheneg
Multiple Oscar Actors
pecheneg
Mystery Phrase Blitz: Oscar 'Best Actors'
pecheneg
F. Scott Fitzgerald Novels
LTH
Pick 3 Villains
ddd62291
Trending Topics
Marvel
Harry Potter
NBA
Anime
Crossword
Kpop
Disney
Pokémon
The Office
WWE
Country
Song
Puzzle
NFL
Soccer
Your Account Isn't Verified!
In order to create a playlist on Sporcle, you need to verify the email address you used during registration. Go to your
Sporcle Settings
to finish the process.
Report this User
Report this user for behavior that violates our
Community Guidelines
.
Details:
Send Report
Go to the Sporcle.com Mobile Site →
Comments